000 01436naa a22003497a 4500
001 BR8501336
003 BR-BrBNA
005 20240918175548.0
007 ta
008 230509b bl.||||| |||| 00| 0 por d
040 _aBR-BrBNA
_bpor
_cBiblioteca Nacional de Agricultura
041 _a(Pt)
072 _aF30
_b0150
_bG514
090 _aF30 BR8501336
100 1 _aSouza, P.R. de
111 1 _a13. Reuniao da Cultura do Arroz Irrigado
_cCamboriu, SC (Brazil)
_d26-28 Sep 1984
245 1 _aEnsaio bioclimatico de cultivares e linhagens de arroz (Oryza sativa L.)irrigado [melhoramento vegetal, Rio Grande do Sul, Brasil]
246 1 _a[Bioclimatic trial of cultivars and lines of irrigated rice (Oryza sativa L.)[plant improvement, Rio Grande do Sul, Brazil]]
246 1 _a[Proceedings of the 13. Meeting on Irrigated Rice Cultivation]
260 3 _aFlorianopolis, SC (Brasil):
_c1984.
500 _aAnais da 13. Reuniao da Cultura do Arroz Irrigado Florianopolis, SC (Brasil): 1984. p. 168-173 (BR8501336-AM)F30
650 _aARROZ IRRIGADO
650 _aVARIEDADE
650 _aLINHAGEM
650 _aBIOCLIMATOLOGIA
650 _aACLIMATACAO
650 _aCOMPORTAMENTO DE VARIEDADE
650 _aRIO GRANDE DO SUL
773 0 _tAnais da 13. Reuniao da Cultura do Arroz Irrigado
_wF30 BR8501336
_gFlorianopolis, SC (Brasil), 1984. p. 168-173
909 _a202404
_bLucia
_c55
_dLucia Elande
942 _cAM
_2AGRIS
999 _c317237
_d317237